000 00918nam a22002177a 4500
999 _c13751
_d13751
003 AR-CdUCM
008 190416b ||||| |||| 00| 0 spa d
040 _aMUNICIPALIDAD PROVINCIAL DEL CUSCO
_cBIBLIOTECA MUNICIPAL DEL CUSCO
082 _a343.3 /
_bR46 / 1972
110 _aOficina Nacional de Información
_932282
245 _aLa revolución no puede debilitar su constante vigilia ni cometer el error de descansar frente a sus adversidades /
260 _aLima :
_bImprenta del ministerio de guerra,
_c1972.
300 _a50 paginas ;
_c29 cm.
505 _aContenido : Actividades del jefe de estado -- Actividades ministeriales -- Disposiciones gubernamentales -- Participación popular...
650 _aGuerra
_91007
650 _aDisposiciones de estado
_932283
650 _aEstado Peruano
_910135
710 _aOficina nacional de informacion
_932284
942 _2ddc
_cPP
945 _awnts
_d2019-04-16